The WTO and the multilateral trading system : (Record no. 43899)

MARC details
000 -LEADER
campo de control de longitud fija 00511nam a2200181 4500
001 - NÚMERO DE CONTROL
campo de control 26860
005 - FECHA Y HORA DE LA ÚLTIMA TRANSACCIÓN
campo de control 20230410115556.0
008 - DATOS DE LONGITUD FIJA--INFORMACIÓN GENERAL
campo de control de longitud fija 060907n2003 dr spa
020 ## - NÚMERO INTERNACIONAL ESTÁNDAR DEL LIBRO
Número Internacional Estándar del Libro 1842774816
035 ## - NÚMERO DE CONTROL DEL SISTEMA
-- funglode27063
041 ## - CÓDIGO DE IDIOMA
Código de lengua del texto/banda sonora o título independiente EN
050 14 - SIGNATURA TOPOGRÁFICA DE LA BIBLIOTECA DEL CONGRESO
Número de clasificación HF 1385 D229w 2003
100 ## - ENTRADA PRINCIPAL--NOMBRE DE PERSONA
Nombre de persona Das, Bhagirath Lal
245 14 - MENCIÓN DEL TÍTULO
Título The WTO and the multilateral trading system :
Resto del título past, present and future /
Mención de responsabilidad, etc. Bhagirath Lal Das
260 ## - PUBLICACIÓN, DISTRIBUCIÓN, ETC.
Lugar de publicación, distribución, etc. London :
Nombre del editor, distribuidor, etc. Zed Books,
Fecha de publicación, distribución, etc. 2003
300 ## - DESCRIPCIÓN FÍSICA
Extensión xiii, 249 p
942 ## - ELEMENTOS DE ENTRADA SECUNDARIOS (KOHA)
Fuente del sistema de clasificación o colocación Clasificación de Library of Congress
Tipo de ítem Koha
Holdings
Estatus retirado Estado de pérdida Fuente del sistema de clasificación o colocación Estado de daño No para préstamo Colección Biblioteca de origen Biblioteca actual Ubicación en estantería Fecha de adquisición Serial enumeration / chronology Signatura topográfica completa Código de barras Visto por última vez Tipo de ítem Koha
    Clasificación de Library of Congress     Ciencias Sociales Biblioteca Juan Bosch Biblioteca Juan Bosch Ciencias Sociales (3er. Piso) 24/10/2018 1 HF 1385 D229w 2003 00000027984 24/10/2018